Statystyki dla Państwa najbliższe Wyspom Owczym

Kliknij tutaj aby rozwiązać quiz!

Ogólne statystyki

  • Ten quiz został rozwiązany 591 razy
  • Średni wynik to 18 z 20

Statystyki odpowiedzi

kmkraj% Poprawnych
579Norwegia
99%
931Szwecja
98%
284Zjednoczone
Królestwo
98%
987Dania
97%
1272Francja
97%
1486Polska
97%
434Islandia
96%
1126Niemcy
96%
670Irlandia
95%
1277Belgia
94%
1385Finlandia
94%
1137Holandia
94%
1705Rosja
90%
1473Luksemburg
89%
1588Estonia
86%
1690Litwa
86%
1631Łotwa
85%
1691Czechy
79%
1774Szwajcaria
78%
1088Grenlandia
44%

Rozkład punktacji

Percentyl według liczby udzielonych odpowiedzi

Procent ludzi z każdym wynikiem

Twoja historia wyników

Nie rozwiązałeś tego quizu